Numerical methods for engineers / (Record no. 329427)

000 -LEADER
fixed length control field 00701 a2200205 4500
020 ## - INTERNATIONAL STANDARD BOOK NUMBER
International Standard Book Number 0070634165
020 ## - INTERNATIONAL STANDARD BOOK NUMBER
International Standard Book Number 9780070634169
082 ## - DEWEY DECIMAL CLASSIFICATION NUMBER
Classification number 518.02462
090 ## - LOCALLY ASSIGNED LC-TYPE CALL NUMBER (OCLC); LOCAL CALL NUMBER (RLIN)
-- 932
-- 932
100 1# - MAIN ENTRY--PERSONAL NAME
Personal name chapra, steven c.
245 10 - TITLE STATEMENT
Title Numerical methods for engineers /
Statement of responsibility, etc. steven c. chapra, raymond p. canale.
250 ## - EDITION STATEMENT
Edition statement 5th ed.
300 ## - PHYSICAL DESCRIPTION
Extent 944 p.
490 1# - SERIES STATEMENT
Series statement Special indian edition.
520 ## - SUMMARY, ETC.
Summary, etc. International Edition, but same content with the US Edition.
700 1# - ADDED ENTRY--PERSONAL NAME
Personal name canale, raymond p.
830 #0 - SERIES ADDED ENTRY--UNIFORM TITLE
Uniform title Special indian edition.
942 ## - ADDED ENTRY ELEMENTS (KOHA)
Institution code [OBSOLETE] SNS
Koha item type Book
Call number prefix 518.02462 CHA
Holdings
Withdrawn status Lost status Source of classification or shelving scheme Damaged status Not for loan Collection code Permanent Location Current Location Shelving location Date acquired Total Checkouts Full call number Barcode Date last seen Date last checked out Price effective from Koha item type
            Institute of Environmental Science and Engineering (IESE) Institute of Environmental Science and Engineering (IESE) General Stacks 05/05/2017 1 519.402462 CHA IESE-2656 06/08/2023 01/20/2023 05/05/2017 Book
© 2023 Central Library, National University of Sciences and Technology. All Rights Reserved.